000 01688cam a22004457a 4500
001 000092937
003 CHAP
005 20220329142911.0
008 050125d2004 mx a r 00110 spa d
010 _a89403
011 _a90375
035 _a100931
040 _cCHAP
090 _aTesis
100 0 0 _aRivera Balan, Carmen.
_997605
245 1 0 _aEvaluación técnico-económica para el acopio, engorda y comercialización del ganado bovino, en el municipio de Candelaria, Campeche /
_c/por Carmen Rivera Balan.
260 _aChapingo, Méx. :
_bEl autor,
_c2004.
300 _a76 h. :
_bilus. ; cuadros.
502 _aTesis (Ing. Agr. Esp. en Economía Agrícola) - - UACH. División de Ciencias Económico Administrativas
590 _aALEPH
_b10
_c20130110
_lUCH01
_h1503
590 _aBATCH-UPD
_b10
_c20130110
_lUCH01
_h0713
590 _aBATCH-UPD
_b10
_c20130410
_lUCH01
_h0358
590 _aBATCH-UPD
_b10
_c20130914
_lUCH01
_h1524
590 _aBATCH-UPD
_b10
_c20140324
_lUCH01
_h1448
590 _aBATCH-UPD
_b10
_c20141002
_lUCH01
_h0824
590 _aCONVERSION
_b10
_c20130109
_lUCH01
_h1350
590 _aE792CSJ
_b10
_c20130620
_lUCH01
_h0921
650 1 4 _aGanado vacuno
_xAspectos económicos.
_945436
650 1 4 _aGanado vacuno
_xCampeche.
_945441
650 1 4 _aGanado vacuno
_xEngorda.
_945461
650 1 4 _aGanado vacuno
_xMercadeo.
_945481
650 1 4 _aProyectos de desarrollo.
_992528
856 _3Finding aid
_uhttp://10.13.5.2/tesis/100931.pdf
_zTeclea aquí
901 _aBK
905 _aLilia
942 _cCD
942 _n0
949 _aTesis
_bBC
_cTES
_d100931
_eTS1
_h43359
_i100931
_sb
949 _aTesis
_bBC
_cTES
_d33724000934279
_eTS2
_fc.2
_h43360
_i100931
_si
999 _c89403
_d89403